[Event "Xtracon Chess Open 2017"]
[Site "Helsingor DEN"]
[Date "2017.07.23"]
[Round "3.126"]
[White "Christiansen, Arne"]
[Black "Hafstad, Leif"]
[Result "1-0"]
[WhiteElo "2040"]
[BlackElo "1735"]
[WhiteFideId "1402013"]
[BlackFideId "438030"]
[EventDate "2017.07.22"]

1. d4 Nf6 2. Nf3 e6 3. c4 d5 4. Nc3 Be7 5. Bg5 Nbd7 6. e3 a6 7. cxd5 exd5 8. Bd3
Nf8 9. O-O Ne6 10. Bh4 O-O 11. Rc1 c6 12. Qc2 g6 13. Ne5 Ng7 14. Qb3 Nd7 15. Bg3
Nxe5 16. Bxe5 Bd6 17. Bxd6 Qxd6 18. Na4 Rb8 19. Qc3 Bf5 20. Be2 Qe7 21. Nc5 Ne6
22. g4 Nxc5 23. Qxc5 Qxc5 24. Rxc5 Bd7 25. Rc3 f5 26. gxf5 Bxf5 27. f4 Rbe8 28.
b4 Rf7 29. a4 Rfe7 30. Kf2 Bd7 31. Rg1 Kf7 32. Bg4 Bxg4 33. Rxg4 Ke6 34. Rg5 Kd6
35. h4 Re6 36. b5 axb5 37. axb5 cxb5 38. Rc5 Ke7 39. Rgxd5 Kf6 40. Re5 Rxe5 41.
dxe5+ Kf7 42. Rxb5 Re7 43. Kf3 Rc7 44. Rb6 Ke7 45. h5 gxh5 46. Rh6 Kf8 47. Rxh5
b5 48. Rh2 b4 49. Rb2 Rb7 50. Rb3 Kf7 51. f5 Rb5 52. e4 Rxe5 53. Rxb4 Ra5 54.
Kf4 Ra6 55. Rb7+ Kg8 56. e5 Kf8 57. Rxh7 Ra5 58. e6 Kg8 59. Rb7 Ra4+ 60. Kg5 Rc4
61. Kf6 Rc6 62. Rb8+ Kh7 63. Kf7 Rc5 64. f6 Rc7+ 65. e7 1-0

[Event "Xtracon Chess Open 2017"]
[Site "Helsingor DEN"]
[Date "2017.07.23"]
[Round "3.127"]
[White "Schouten, Mathias Lind"]
[Black "Karlsson, Ulf"]
[Result "1/2-1/2"]
[WhiteElo "1734"]
[BlackElo "2036"]
[WhiteFideId "1532790"]
[BlackFideId "1721674"]
[EventDate "2017.07.22"]

1. e4 c5 2. Nf3 Nc6 3. d4 cxd4 4. Nxd4 e5 5. Nb3 Nf6 6. Bg5 h6 7. Bxf6 Qxf6 8.
Nc3 Bb4 9. Nd2 Ne7 10. Nb5 Bc5 11. Qf3 Qc6 12. Nc4 d6 13. O-O-O O-O 14. Nbxd6
Be6 15. Nxe5 Qc7 16. Nec4 a6 17. e5 b5 18. Ne3 Bxa2 19. Qb7 Bxd6 20. Qxc7 Bxc7
21. Rd7 Bxe5 22. Rxe7 Bf6 23. Rb7 Be6 24. Bd3 Rfb8 25. Rxb8+ Rxb8 26. Bf5 Bxf5
27. Nxf5 Bg5+ 28. Ne3 Rd8 29. h4 Bxe3+ 30. fxe3 Kf8 31. c3 Ke7 32. Kc2 Ke6 33.
g4 g6 34. h5 g5 35. Rf1 Rd6 36. e4 f6 1/2-1/2

[Event "Xtracon Chess Open 2017"]
[Site "Helsingor DEN"]
[Date "2017.07.23"]
[Round "3.128"]
[White "De Coninck, Erik"]
[Black "Afsari-Rad, Aidin"]
[Result "1-0"]
[WhiteElo "2032"]
[BlackElo "1733"]
[WhiteFideId "233234"]
[BlackFideId "1527177"]
[EventDate "2017.07.22"]

1. Nf3 d5 2. g3 c5 3. Bg2 Nc6 4. O-O e5 5. d3 Nf6 6. Bg5 Be7 7. Nbd2 O-O 8. e4
dxe4 9. dxe4 Be6 10. c3 Qb6 11. Qc2 Rfd8 12. h3 Qc7 13. Rfd1 h6 14. Bxf6 Bxf6
15. Nf1 Rxd1 16. Rxd1 Rd8 17. Rxd8+ Qxd8 18. Ne3 g6 19. Ne1 Bg7 20. Nd3 b6 21.
Kh2 Bxa2 22. Nxc5 bxc5 23. Qa4 Be6 24. Qxc6 Qb6 25. Qe8+ Bf8 26. Nd5 Bxd5 27.
exd5 Qd6 28. Qa8 Qc7 29. Qe8 Kg7 30. Qa4 Bd6 31. Kg1 Qb6 32. Qc2 Qc7 33. g4 Qe7
34. Qd3 Qb7 35. Qd2 Qe7 36. Qe2 Qb7 37. h4 Qb6 38. h5 Qd8 39. hxg6 fxg6 40. Be4
Qf6 41. Qa6 Qe7 42. Qc8 Qf8 43. Qc6 Qe7 44. Kf1 Qc7 45. Ke2 Kf7 46. Kd3 Qe7 47.
Kc4 Kf6 48. Qc8 Kg7 49. Kb5 h5 50. gxh5 gxh5 51. Kc6 Qf6 52. Qd7+ Be7+ 53. d6 1-0

[Event "Xtracon Chess Open 2017"]
[Site "Helsingor DEN"]
[Date "2017.07.23"]
[Round "3.129"]
[White "Slettebo, Jan"]
[Black "Horslund, Mikael"]
[Result "1-0"]
[WhiteElo "2021"]
[BlackElo "1726"]
[WhiteFideId "1704958"]
[BlackFideId "1421042"]
[EventDate "2017.07.22"]

1. e4 c5 2. Nf3 Nc6 3. d4 cxd4 4. Nxd4 Nf6 5. Nc3 d6 6. Bg5 Qa5 7. Bxf6 gxf6 8.
Nb3 Qd8 9. Qh5 Be6 10. O-O-O a6 11. f4 Qb6 12. Kb1 O-O-O 13. Nd5 Qa7 14. g3 Bg7
15. Bg2 Rdg8 16. c4 Bf8 17. Bf3 Rg6 18. Be2 Rh6 19. Qf3 f5 20. Bd3 fxe4 21. Bxe4
Rg8 22. Ne3 Bd7 23. Rd2 Rh3 24. Bf5 Rh6 25. Bxd7+ Kxd7 26. c5 Kc8 27. cxd6 Rxd6
28. Rxd6 exd6 29. Nf5 Rg6 30. Rc1 Kb8 31. Qd5 Re6 32. Na5 Nxa5 33. Qxa5 b6 34.
Qc3 Qd7 35. Nd4 Re4 36. Qc4 1-0

[Event "Xtracon Chess Open 2017"]
[Site "Helsingor DEN"]
[Date "2017.07.23"]
[Round "3.130"]
[White "Skovgaard, Ib"]
[Black "Rolstad, Morten"]
[Result "1-0"]
[WhiteElo "2016"]
[BlackElo "1720"]
[WhiteFideId "1406760"]
[BlackFideId "1525026"]
[EventDate "2017.07.22"]

1. e4 e5 2. Nf3 Nc6 3. Nc3 Nf6 4. Be2 d5 5. exd5 Nxd5 6. O-O Nxc3 7. bxc3 e4 8.
Nd4 Nxd4 9. cxd4 Qxd4 10. c3 Qd5 11. d3 Bf5 12. dxe4 Qxd1 13. Bxd1 Bxe4 14. Ba4+
Bc6 15. Re1+ Kd7 16. Bb3 Re8 17. Rd1+ Ke7 18. Bg5+ f6 19. Bc1 Bd7 20. Bf4 Kd8
21. Ba4 c6 22. Rab1 b5 23. c4 a6 24. cxb5 axb5 25. Bc2 Kc8 26. a4 b4 27. a5 c5
28. Rxd7 Kxd7 29. Ba4+ Ke6 30. Bxe8 c4 31. a6 Bc5 32. Bc6 b3 33. Be3 Kd6 34. Bb7
Bxe3 35. fxe3 Kc5 36. a7 Kb4 37. Bd5 Rc8 38. Kf2 Kc3 39. Rc1+ Kd2 40. Rxc4 b2
41. Rb4 Kc1 42. a8=Q Rxa8 43. Bxa8 b1=Q 44. Rxb1+ Kxb1 45. Be4+ 1-0

[Event "Xtracon Chess Open 2017"]
[Site "Helsingor DEN"]
[Date "2017.07.23"]
[Round "3.131"]
[White "Tolba, Henri"]
[Black "Schmied, Andreas"]
[Result "0-1"]
[WhiteElo "1729"]
[BlackElo "2010"]
[WhiteFideId "1418246"]
[BlackFideId "4625897"]
[EventDate "2017.07.22"]

1. c4 Nf6 2. g3 g6 3. Nc3 d5 4. cxd5 Nxd5 5. Bg2 Nxc3 6. bxc3 Bg7 7. d4 c5 8. e3
O-O 9. Ne2 Nd7 10. O-O Qc7 11. e4 e5 12. d5 b5 13. Be3 a5 14. a3 Ba6 15. Qd2 Nb6
16. Nc1 Nc4 17. Qe1 b4 18. axb4 Nxe3 19. Qxe3 Bxf1 20. Bxf1 axb4 21. Rxa8 Rxa8
22. c4 Ra3 23. Nb3 Bf8 24. Be2 Bd6 25. Kg2 Qa7 26. Bd1 Qb6 27. Qd3 Ra8 28. Qe3
Qa7 29. Kf1 Rc8 30. Bg4 Rc7 31. Bd1 Qa6 32. Qd3 Qa2 33. Kg2 Qb2 34. Qf3 Kg7 35.
h4 Qc3 36. Qg4 h5 37. Qg5 Be7 38. Qc1 Ra7 39. Qxc3 bxc3 40. Kf3 Ra2 41. Ke3 c2
42. Be2 Ra3 0-1

[Event "Xtracon Chess Open 2017"]
[Site "Helsingor DEN"]
[Date "2017.07.23"]
[Round "3.132"]
[White "French, Max"]
[Black "Nesse, David"]
[Result "1-0"]
[WhiteElo "2001"]
[BlackElo "1718"]
[WhiteFideId "426652"]
[BlackFideId "1519875"]
[EventDate "2017.07.22"]

1. d4 Nf6 2. c4 c5 3. d5 b5 4. Qc2 Qa5+ 5. Bd2 b4 6. e4 d6 7. Bd3 g6 8. h3 Bg7
9. Nf3 O-O 10. O-O e5 11. Bg5 Nxe4 12. Bxe4 f5 13. Bd3 e4 14. Ne1 exd3 15. Nxd3
Nd7 16. Be7 Re8 17. Bxd6 Ba6 18. Nd2 Re2 19. Rfd1 Bh6 20. Nf4 Bxf4 21. Bxf4 Nf6
22. Qd3 Re7 23. Nb3 Qb6 24. d6 Rd7 25. Be5 Kf7 26. g4 Bb7 27. Qe3 Qc6 28. f3
fxg4 29. hxg4 Re8 30. Nxc5 Rxe5 31. Qxe5 Qxf3 32. Qxf6+ Kxf6 33. Rf1 Rg7 34.
Rxf3+ Bxf3 35. Rf1 1-0

[Event "Xtracon Chess Open 2017"]
[Site "Helsingor DEN"]
[Date "2017.07.23"]
[Round "3.133"]
[White "Svensson, Anders 1980"]
[Black "Quinn, David"]
[Result "0-1"]
[WhiteElo "1723"]
[BlackElo "2001"]
[WhiteFideId "1727818"]
[BlackFideId "2401452"]
[EventDate "2017.07.22"]

1. e4 e5 2. Nf3 Nc6 3. Bc4 Nf6 4. d4 exd4 5. O-O Bc5 6. e5 d5 7. exf6 dxc4 8.
fxg7 Rg8 9. Bg5 Be7 10. Bxe7 Kxe7 11. Qe2+ Be6 12. Nbd2 Rxg7 13. Nxc4 Qd5 14.
Nce5 Nxe5 15. Qxe5 Qxe5 16. Nxe5 Bh3 17. Rfe1 Rxg2+ 18. Kh1 Rg7 19. Nc6+ Kd7 20.
Nxd4 Bg2+ 21. Kg1 Bd5+ 22. Kf1 Bc4+ 23. Ne2 Rag8 24. f3 Rg1+ 25. Kf2 R8g2+ 26.
Ke3 Rxe2+ 0-1

[Event "Xtracon Chess Open 2017"]
[Site "Helsingor DEN"]
[Date "2017.07.23"]
[Round "3.134"]
[White "Frisk, Hans"]
[Black "Kirkebaekke, Mark"]
[Result "1-0"]
[WhiteElo "1997"]
[BlackElo "1716"]
[WhiteFideId "1708570"]
[BlackFideId "1414917"]
[EventDate "2017.07.22"]

1. Nf3 f5 2. d3 d5 3. Ne5 Nf6 4. g3 c5 5. Bg2 Nc6 6. Nxc6 bxc6 7. f4 Qb6 8. Nc3
e5 9. fxe5 Ng4 10. O-O Nxe5 11. Kh1 h5 12. e4 dxe4 13. dxe4 h4 14. gxh4 Rxh4 15.
exf5 Qc7 16. Bf4 Ba6 17. Bxe5 Qb7 18. Re1 Be7 19. Bd6 O-O-O 20. Rxe7 Qb6 21.
Rc7+ Qxc7 22. Bxc7 Rxd1+ 23. Rxd1 Kxc7 24. Ne4 Bc8 25. Ng3 Rf4 26. Be4 c4 27.
Rf1 Rh4 28. f6 gxf6 29. Rxf6 Bd7 30. Rf7 Kd8 31. Rh7 Rf4 32. Kg2 c3 33. bxc3 c5
34. h4 a5 35. h5 Rh4 36. h6 Bh3+ 37. Kf3 Ke8 38. Rh8+ Kf7 39. h7 Be6 40. Rg8
Rxh7 41. Bxh7 Bxa2 42. Rg5 a4 43. Rxc5 a3 44. Ra5 1-0

[Event "Xtracon Chess Open 2017"]
[Site "Helsingor DEN"]
[Date "2017.07.23"]
[Round "3.136"]
[White "Meurman, Arne"]
[Black "Kumpen, Jona"]
[Result "1-0"]
[WhiteElo "1980"]
[BlackElo "1711"]
[WhiteFideId "1704923"]
[BlackFideId "238520"]
[EventDate "2017.07.22"]

1. e4 e6 2. d4 d5 3. Nc3 Nf6 4. e5 Nfd7 5. f4 c5 6. Nf3 Nc6 7. Be3 a6 8. Qd2 Be7
9. g3 Qc7 10. Bg2 b5 11. O-O Bb7 12. Ne2 cxd4 13. Nexd4 Nb6 14. c3 Nc4 15. Qe2
Nxe3 16. Qxe3 Na5 17. f5 Nc4 18. Qe2 Bc8 19. Bh3 Bc5 20. fxe6 Bxe6 21. Bxe6 fxe6
22. b3 Nb6 23. Ng5 Qe7 24. Qg4 Bxd4+ 25. cxd4 h6 26. Nxe6 Kd7 27. Nf8+ 1-0

[Event "Xtracon Chess Open 2017"]
[Site "Helsingor DEN"]
[Date "2017.07.23"]
[Round "3.137"]
[White "Gardarsson, Hordur"]
[Black "Carnstam, Tomas"]
[Result "0-1"]
[WhiteElo "1710"]
[BlackElo "1977"]
[WhiteFideId "2303604"]
[BlackFideId "1707221"]
[EventDate "2017.07.22"]

1. e4 c5 2. Nc3 Nc6 3. g3 g6 4. Bg2 Bg7 5. d3 d6 6. Be3 e6 7. Qd2 Qa5 8. Nf3 Nd4
9. Nh4 Bd7 10. O-O Ne7 11. f4 Bc6 12. Rae1 Nb5 13. Nxb5 Qxb5 14. c3 f5 15. Bf2
O-O-O 16. a4 Qb3 17. Ra1 fxe4 18. Ra3 Qb6 19. b4 Qc7 20. dxe4 b6 21. Qe2 cxb4
22. cxb4 Bb7 23. b5 Kb8 24. Qa2 d5 25. exd5 Bxd5 26. Bxd5 Nxd5 27. Nf3 Bf8 28.
Rd3 Bc5 29. Rfd1 Rc8 30. Kg2 Nb4 31. Qxe6 Nxd3 32. Rxd3 Rhe8 33. Bxc5 Rxe6 0-1

[Event "Xtracon Chess Open 2017"]
[Site "Helsingor DEN"]
[Date "2017.07.23"]
[Round "3.138"]
[White "Philipsen, William Horup"]
[Black "Olsen, Kim Alex"]
[Result "1-0"]
[WhiteElo "1977"]
[BlackElo "1706"]
[WhiteFideId "1408470"]
[BlackFideId "1406663"]
[EventDate "2017.07.22"]

1. e4 b6 2. d4 Bb7 3. Bd3 Nf6 4. Qe2 e6 5. Nf3 Be7 6. e5 Ng8 7. O-O c5 8. Rd1
Qc7 9. Bf4 d5 10. exd6 Bxd6 11. Ne5 Nf6 12. Na3 O-O 13. Nb5 Qd8 14. Nxd6 Qxd6
15. Ng6 Qxd4 16. Be5 Qg4 17. f3 Bxf3 18. Qxf3 Qxf3 19. Ne7+ Kh8 20. gxf3 Nbd7
21. Bxf6 Nxf6 22. Be4 Rfd8 23. Bxa8 1-0

[Event "Xtracon Chess Open 2017"]
[Site "Helsingor DEN"]
[Date "2017.07.23"]
[Round "3.139"]
[White "Larsen, Ulrik"]
[Black "Lindgaard, Tobias Simon"]
[Result "1-0"]
[WhiteElo "1971"]
[BlackElo "1705"]
[WhiteFideId "1441167"]
[BlackFideId "1419820"]
[EventDate "2017.07.22"]

1. e4 e6 2. d4 d5 3. Nd2 dxe4 4. Nxe4 Nd7 5. Nf3 Ngf6 6. Nxf6+ Nxf6 7. Bd3 Be7
8. Bg5 h6 9. Bh4 g5 10. Bg3 b6 11. Qe2 Bb7 12. O-O-O Nd5 13. Ne5 Nf6 14. Bb5+
Kf8 15. h4 Ne4 16. Nc6 Nxg3 17. fxg3 Qd6 18. Ne5 Kg7 19. Qh5 Rhf8 20. Rdf1 Bf6
21. hxg5 Bxg5+ 22. Kb1 Qe7 23. Rxf7+ Qxf7 24. Nxf7 Rxf7 25. Bd3 Rf6 26. Qe2 Raf8
27. a3 R8f7 28. Re1 Bd5 29. c4 Rf2 30. Qh5 Bxg2 31. Rxe6 R2f6 32. Rxf6 Rxf6 33.
Qe2 Bf3 34. Qe7+ Rf7 35. Qe5+ Kg8 36. Be4 Bxe4+ 37. Qxe4 Rf1+ 38. Ka2 Rf7 39.
Qe8+ Kg7 40. Qe4 Re7 41. Qg4 Kh7 42. b4 Kg7 43. d5 Kf7 44. c5 Ke8 45. Qc8+ Kf7
46. d6 cxd6 47. cxd6 1-0

[Event "Xtracon Chess Open 2017"]
[Site "Helsingor DEN"]
[Date "2017.07.23"]
[Round "3.140"]
[White "Justinussen, Sigurd B."]
[Black "Kristiansen, Snorre"]
[Result "1-0"]
[WhiteElo "1963"]
[BlackElo "1699"]
[WhiteFideId "7200773"]
[BlackFideId "1530011"]
[EventDate "2017.07.22"]

1. e4 e6 2. d4 d5 3. Bd3 Nf6 4. Nd2 b6 5. Ngf3 Ba6 6. Qe2 Bxd3 7. Qxd3 Be7 8. c4
dxe4 9. Nxe4 Nbd7 10. Nc3 O-O 11. O-O Re8 12. Be3 Bf8 13. Rad1 Qe7 14. Nb5 Red8
15. Bf4 e5 16. Nxe5 Nc5 17. Qc2 Ne6 18. Be3 Qe8 19. d5 Nxd5 20. cxd5 Qxb5 21.
Qf5 Rxd5 22. Qxf7+ Kh8 23. a4 Qxf1+ 24. Rxf1 Rxe5 25. Bd2 Bd6 26. Bc3 Rf8 27.
Qd7 Re2 28. Qb5 Nf4 29. Qg5 Re7 30. Re1 Ref7 31. f3 Nd3 32. Rd1 Bc5+ 33. Kf1 Nf4
34. Rd8 Ne6 35. Rxf8+ Bxf8 36. Qe5 Re7 37. Qd5 Nf4 38. Qa8 Kg8 39. g3 Nd5 40.
Qxd5+ Kh8 41. Qa8 Rf7 42. f4 a5 43. Be5 Kg8 44. Qc6 g5 45. Bxc7 gxf4 46. gxf4
Bh6 47. Qxh6 Rxc7 48. Qxb6 Rc1+ 49. Kg2 1-0

[Event "Xtracon Chess Open 2017"]
[Site "Helsingor DEN"]
[Date "2017.07.23"]
[Round "3.141"]
[White "Gottschalck, Christian"]
[Black "Rasmussen, Lars Garne"]
[Result "1-0"]
[WhiteElo "1705"]
[BlackElo "1961"]
[WhiteFideId "1428357"]
[BlackFideId "1406434"]
[EventDate "2017.07.22"]

1. e4 e5 2. Nf3 Nc6 3. Bb5 a6 4. Ba4 Nf6 5. d4 exd4 6. e5 Ne4 7. O-O Nc5 8. Bxc6
dxc6 9. Qxd4 Bd7 10. Nc3 Ne6 11. Qe4 Bc5 12. Be3 Qe7 13. a3 Bxe3 14. Qxe3 c5 15.
Nd5 Qd8 16. Rad1 O-O 17. Rd2 c6 18. Nc3 Qe7 19. Rfd1 Rad8 20. Ne4 Bc8 21. Nd6
Qc7 22. c3 Rd7 23. Ng5 Nxg5 24. Qxg5 f6 25. exf6 h6 26. Qxc5 Qd8 27. fxg7 Rf6
28. Ne4 Re6 29. Rxd7 Bxd7 30. Rxd7 Qe8 31. f3 b6 32. Qd4 c5 33. Qd5 1-0

[Event "Xtracon Chess Open 2017"]
[Site "Helsingor DEN"]
[Date "2017.07.23"]
[Round "3.142"]
[White "Hoti, Nimon"]
[Black "Vestergaard, Jorn"]
[Result "1/2-1/2"]
[WhiteElo "1953"]
[BlackElo "1661"]
[WhiteFideId "1510746"]
[BlackFideId "1419480"]
[EventDate "2017.07.22"]

1. e4 d5 2. e5 Bf5 3. d4 e6 4. Nd2 c5 5. Bb5+ Nc6 6. Ngf3 a6 7. Bxc6+ bxc6 8.
O-O Qb6 9. dxc5 Qxc5 10. c3 Qb6 11. Nb3 c5 12. Nh4 Be4 13. Kh1 Ne7 14. f3 Bg6
15. Qe2 Nc6 16. Nxg6 hxg6 17. Bg5 Be7 18. Bf4 Qb5 19. Qd2 c4 20. Nc1 Kd7 21. Ne2
a5 22. b3 cxb3 23. axb3 Qxb3 24. Qd3 Qc4 25. Qxc4 dxc4 26. Ra4 f6 27. Rd1+ Ke8
28. Rxc4 Rc8 29. Ra1 Kf7 30. Re4 Rhd8 31. exf6 gxf6 1/2-1/2

[Event "Xtracon Chess Open 2017"]
[Site "Helsingor DEN"]
[Date "2017.07.23"]
[Round "3.143"]
[White "Kristensen, Lars Ostergaard"]
[Black "Hjornevik, Knut J"]
[Result "0-1"]
[WhiteElo "1701"]
[BlackElo "1952"]
[WhiteFideId "1415018"]
[BlackFideId "1505157"]
[EventDate "2017.07.22"]

1. d4 Nf6 2. c4 e6 3. Nc3 Bb4 4. e3 O-O 5. Ne2 c5 6. a3 cxd4 7. exd4 Be7 8. Ng3
b6 9. Be2 Bb7 10. Bf3 Bxf3 11. Qxf3 d5 12. cxd5 Nxd5 13. Nxd5 Qxd5 14. Qxd5 exd5
15. O-O Nc6 16. Be3 Bf6 17. Rfd1 Na5 18. Nh5 Be7 19. Nf4 Rfd8 20. Rac1 g5 21.
Ne2 Kg7 22. Rc7 Bd6 23. Rc3 Kg6 24. g4 Re8 25. Ng3 Bxg3 26. hxg3 Nc4 27. Bc1
Rac8 28. Kf1 Nd6 29. Rxc8 Rxc8 30. f4 h6 31. Ke2 Rc2+ 32. Kf3 Nc4 33. Re1 Nxb2
34. Bxb2 Rxb2 35. Re3 Rd2 36. Re5 Rd3+ 37. Kf2 Rxd4 38. Ke3 Ra4 39. Rxd5 Rxa3+
40. Kf2 Ra5 41. Rd6+ Kg7 42. Rd7 b5 43. Rb7 a6 44. Rb6 Ra4 45. Ke3 b4 46. Kd2 a5
47. Kc2 Ra3 48. Ra6 Rxg3 49. Rxa5 Rxg4 50. f5 h5 51. Rb5 h4 52. Rd5 Kf6 0-1

[Event "Xtracon Chess Open 2017"]
[Site "Helsingor DEN"]
[Date "2017.07.23"]
[Round "3.144"]
[White "Arndt, Uwe"]
[Black "Skjolingstad, Sverre"]
[Result "1-0"]
[WhiteElo "1948"]
[BlackElo "1644"]
[WhiteFideId "24647713"]
[BlackFideId "1519913"]
[EventDate "2017.07.22"]

1. d4 Nf6 2. c4 c5 3. d5 b5 4. Nd2 bxc4 5. e4 c3 6. bxc3 g6 7. Bb2 Bg7 8. Qc2
O-O 9. h3 d6 10. Bd3 e5 11. Ne2 Nh5 12. O-O Bh6 13. Bc1 Nf4 14. Nxf4 Bxf4 15.
Nf3 Bxc1 16. Qxc1 f5 17. Ng5 f4 18. Ne6 Bxe6 19. dxe6 d5 20. exd5 Qxd5 21. e7
Re8 22. Qc2 Nc6 23. Be4 Qd6 24. Rfd1 Qf6 25. Qb3+ Kg7 26. Qb7 Rac8 27. Rd8 Nxe7
28. Rxc8 Rxc8 29. Rd1 Kf8 30. Rd7 Re8 31. Qxa7 f3 32. Qxc5 fxg2 33. a4 Qa6 34.
Qb5 Qc8 35. c4 Rd8 36. Rxd8+ Qxd8 37. Qxe5 Qe8 38. Qh8+ Ng8 39. Bd5 Qxa4 40.
Qxg8+ Ke7 41. Qf7+ Kd6 42. Bxg2 Qa3 43. Qf8+ 1-0

[Event "Xtracon Chess Open 2017"]
[Site "Helsingor DEN"]
[Date "2017.07.23"]
[Round "3.145"]
[White "Tandrup, Michael"]
[Black "Hina, Ariza"]
[Result "1-0"]
[WhiteElo "1946"]
[BlackElo "1555"]
[WhiteFideId "1408356"]
[BlackFideId "1525441"]
[EventDate "2017.07.22"]

1. c4 c5 2. Nc3 Nc6 3. g3 g6 4. Bg2 Bg7 5. Nf3 e6 6. O-O Nge7 7. d3 O-O 8. Rb1
d5 9. Bg5 f6 10. Bd2 d4 11. Ne4 b6 12. Bc1 f5 13. Ned2 e5 14. a3 a5 15. Ne1 Bb7
16. b4 axb4 17. axb4 Rb8 18. bxc5 bxc5 19. Rb5 Qd6 20. Ba3 f4 21. Bxc5 Qd7 22.
Qb1 Bf6 23. Ne4 Bg7 24. Ng5 Bf6 25. Bh3 Nf5 26. Bxf8 Kxf8 27. Ne4 Be7 28. Nc5
Bxc5 29. Rxc5 Ba6 30. Qa1 Qe7 1-0

[Event "Xtracon Chess Open 2017"]
[Site "Helsingor DEN"]
[Date "2017.07.23"]
[Round "3.146"]
[White "Bernstein, Jonas August"]
[Black "Damianou, Ioannis"]
[Result "1-0"]
[WhiteElo "1665"]
[BlackElo "1945"]
[WhiteFideId "1532154"]
[BlackFideId "5902355"]
[EventDate "2017.07.22"]

1. d4 Nf6 2. c4 g6 3. Nc3 Bg7 4. Nf3 O-O 5. Bg5 d6 6. e3 Na6 7. Be2 c5 8. a3 b6
9. O-O h6 10. Bh4 g5 11. Bg3 Nh5 12. Qc2 Nxg3 13. fxg3 g4 14. Nh4 cxd4 15. exd4
Bxd4+ 16. Kh1 Be6 17. Qe4 Bxc3 18. bxc3 Qd7 19. Bd3 f5 20. Nxf5 Rxf5 21. Qxa8+
Kg7 22. Bxf5 Bxf5 23. Qd5 Bg6 24. Rae1 Nc5 25. Qa8 Bf5 26. Rxf5 Qxf5 27. Rxe7+
Kg6 28. Qe8+ 1-0

[Event "Xtracon Chess Open 2017"]
[Site "Helsingor DEN"]
[Date "2017.07.23"]
[Round "3.147"]
[White "Henriksen, Morgan"]
[Black "Dittrich, Tom"]
[Result "1-0"]
[WhiteElo "1632"]
[BlackElo "1943"]
[WhiteFideId "1510495"]
[BlackFideId "12923532"]
[EventDate "2017.07.22"]

1. d4 Nf6 2. c4 g6 3. Nc3 Bg7 4. e4 d6 5. Nf3 O-O 6. Be2 Na6 7. h3 e5 8. Bg5 h6
9. Bh4 Qe8 10. d5 Nc5 11. Bxf6 Bxf6 12. Qc2 Bg7 13. g4 c6 14. O-O-O Qe7 15. Nd2
Bd7 16. Nb3 Nxb3+ 17. Qxb3 Rab8 18. Qa3 b5 19. Qa5 Rfc8 20. dxc6 Bxc6 21. cxb5
Bxe4 22. f3 Ba8 23. Kb1 d5 24. Nxd5 Qc5 25. Nc3 e4 26. Rhf1 Bxc3 27. bxc3 Qxc3
28. Rd8+ Kh7 29. Qxc3 Rxb5+ 30. Bxb5 Rxc3 31. Rxa8 exf3 32. Rxa7 1-0

[Event "Xtracon Chess Open 2017"]
[Site "Helsingor DEN"]
[Date "2017.07.23"]
[Round "3.148"]
[White "Voll, Oddvar U"]
[Black "Hestholm, Sverre"]
[Result "1-0"]
[WhiteElo "1942"]
[BlackElo "1531"]
[WhiteFideId "1533827"]
[BlackFideId "1529161"]
[EventDate "2017.07.22"]

1. e4 e5 2. Nf3 Nf6 3. d3 Nc6 4. g3 d5 5. exd5 Nxd5 6. Bg2 Bg4 7. h3 Bh5 8. O-O
Bd6 9. a3 O-O 10. b4 Re8 11. Bb2 f6 12. c4 Ndxb4 13. axb4 Bxb4 14. g4 Bf7 15.
Qc2 Bc5 16. Rd1 Bd4 17. Nxd4 Nxd4 18. Bxd4 Qxd4 19. Nd2 c6 20. Nb3 Qd7 21. Be4
a6 22. d4 exd4 23. Bxh7+ Kh8 24. Bf5 Qc7 25. Rxd4 b5 26. Rd7 1-0

[Event "Xtracon Chess Open 2017"]
[Site "Helsingor DEN"]
[Date "2017.07.23"]
[Round "3.149"]
[White "Bering, Anders"]
[Black "Huse, Arne Kjelsbol"]
[Result "1-0"]
[WhiteElo "1940"]
[BlackElo "1352"]
[WhiteFideId "1405810"]
[BlackFideId "1520709"]
[EventDate "2017.07.22"]

1. e4 e5 2. Bc4 Nf6 3. d4 Nc6 4. d5 Ne7 5. Nc3 Ng6 6. h4 Bc5 7. h5 Ne7 8. Bg5
Neg8 9. Qd2 d6 10. f3 a6 11. O-O-O Bd7 12. Nge2 Qe7 13. Ng3 O-O-O 14. Nf5 Bxf5
15. exf5 h6 16. Be3 Bxe3 17. Qxe3 Kb8 18. g4 Nd7 19. Ne4 Ngf6 20. Be2 Nxe4 21.
fxe4 f6 22. b4 b5 23. a4 bxa4 24. Bxa6 Nb6 25. Bb5 Rdf8 26. Rh2 Rf7 27. c4 Qd8
28. c5 Nc8 29. Bxa4 Na7 30. Ra2 Qc8 31. Rd3 Qb7 32. Rda3 Kc8 33. Bc6 Nxc6 34.
dxc6 Qxb4 35. Ra8+ 1-0

[Event "Xtracon Chess Open 2017"]
[Site "Helsingor DEN"]
[Date "2017.07.23"]
[Round "3.150"]
[White "Fransson, Pia"]
[Black "Smeby, Ole"]
[Result "1/2-1/2"]
[WhiteElo "1482"]
[BlackElo "1938"]
[WhiteFideId "1724207"]
[BlackFideId "1503677"]
[EventDate "2017.07.22"]

1. d4 Nf6 2. c4 c5 3. Nf3 g6 4. g3 Bg7 5. Bg2 O-O 6. O-O d6 7. Nc3 Nbd7 8. Re1
cxd4 9. Nxd4 a6 10. e4 Ne5 11. b3 Qc7 12. Bb2 e6 13. f4 Nc6 14. e5 dxe5 15. Nxc6
bxc6 16. Rxe5 Rd8 17. Qe2 Bb7 18. Na4 Nd7 19. Re3 Bxb2 20. Qxb2 Qd6 21. Nc3 Qd4
22. Qf2 Nf6 23. Rd1 Qb6 24. Red3 Qxf2+ 25. Kxf2 Rxd3 26. Rxd3 Kf8 27. h3 Ke7 28.
Ne4 Nxe4+ 29. Bxe4 a5 30. a3 Rc8 31. c5 Rd8 32. Rxd8 Kxd8 33. Ke3 Kd7 34. Kd4 f6
35. b4 axb4 36. axb4 Ba6 37. Bd3 Bb7 38. Be4 Ba6 39. Bf3 Bf1 40. h4 Bb5 41. h5
gxh5 42. Bxh5 h6 43. Bf3 Bf1 44. Ke4 1/2-1/2

[Event "Xtracon Chess Open 2017"]
[Site "Helsingor DEN"]
[Date "2017.07.23"]
[Round "3.152"]
[White "Nielsen, Bjorn"]
[Black "Basson, Heinrich"]
[Result "0-1"]
[WhiteElo "1353"]
[BlackElo "1937"]
[WhiteFideId "1416839"]
[BlackFideId "14301440"]
[EventDate "2017.07.22"]

1. d3 d5 2. d4 Nf6 3. Nf3 c6 4. Bf4 Bf5 5. e3 e6 6. Bd3 Bg4 7. Be2 Qb6 8. b3 c5
9. c3 Nc6 10. O-O Be7 11. Ne5 Bxe2 12. Qxe2 a5 13. Nxc6 bxc6 14. Nd2 O-O 15. Nf3
a4 16. Rab1 Ne4 17. Qc2 Rfc8 18. Be5 cxd4 19. cxd4 f6 20. Bf4 Qa5 21. Rfd1 Nc3
22. Rb2 Nxd1 23. Qxd1 axb3 24. axb3 Qc3 25. Rb1 Ra2 26. Bg3 Rca8 27. h3 Ra1 28.
Kh2 Rxb1 29. Qd2 Qxd2 30. Nxd2 Rb2 31. Nf3 Rxb3 32. h4 Ra2 33. Ng1 Kf7 34. Kh3
c5 35. dxc5 Bxc5 36. Kg4 g6 37. h5 Ra4+ 38. Kf3 e5 39. hxg6+ hxg6 40. Nh3 d4 41.
Bxe5 fxe5 42. Ng5+ Ke7 43. Ne4 Bb6 44. Kg4 dxe3 45. f3 Rxe4+ 46. fxe4 e2 47. Kg5
e1=Q 48. Kxg6 Rg3+ 49. Kf5 Qf2+ 50. Kxe5 Rg5# 0-1